Návrh a realizácia rozhrania pre zber a analýzu dát pre vybrané moduly linky MPS 500
Saved in:
| Main Author: | |
|---|---|
| Other Authors: | |
| Format: | Manuscript Book |
| Language: | Slovak |
| Published: |
2025
|
| Subjects: | |
| Online Access: | http://is.stuba.sk/zp/portal_zp.pl?podrobnosti=176745 |
| Tags: |
No Tags, Be the first to tag this record!
|
MARC
| LEADER | 00000ntm a22000003a 4500 | ||
|---|---|---|---|
| 001 | stuzp104066 | ||
| 003 | SK-STU | ||
| 005 | 20250628211151.6 | ||
| 007 | ta | ||
| 008 | 150427s2015----xo-----f-mn---000-0-slo-d | ||
| 040 | |a STU |b slo | ||
| 041 | 0 | |a slo | |
| 100 | 1 | |a Vajdík, Samuel |u 066000 |4 aut |U MTF Materiálovotechnologická fakulta |T MTF Ústav aplikovanej informatiky, automatizácie a mechatroniky |X 121833 |U M6000 |Y 86 |7 121833 | |
| 242 | 0 | 1 | |a Design and implementation of an interface for data collection and analysis for selected modules of the MPS 500 line |y eng |
| 245 | 1 | 0 | |a Návrh a realizácia rozhrania pre zber a analýzu dát pre vybrané moduly linky MPS 500 |
| 260 | |c 2025 | ||
| 650 | 4 | |a C# |2 slo | |
| 650 | 4 | |a TIA Portal |2 slo | |
| 650 | 4 | |a Automatizácia |2 slo | |
| 650 | 4 | |a Triedenie súčiastok |2 slo | |
| 650 | 4 | |a Štatistická analýza |2 slo | |
| 650 | 4 | |a KNN |2 slo | |
| 650 | 4 | |a PLC |2 slo | |
| 650 | 4 | |a SCADA |2 slo | |
| 650 | 4 | |a MPS 500 |2 slo | |
| 650 | 4 | |a LAD |2 slo | |
| 650 | 4 | |a Sharp7 |2 slo | |
| 650 | 4 | |a SQlite |2 slo | |
| 650 | 4 | |a Vizualizácia |2 slo | |
| 650 | 4 | |a KNN |2 eng | |
| 650 | 4 | |a LAD |2 eng | |
| 650 | 4 | |a C# |2 eng | |
| 650 | 4 | |a SQLite |2 eng | |
| 650 | 4 | |a TIA Portal |2 eng | |
| 650 | 4 | |a Sharp7 |2 eng | |
| 650 | 4 | |a Vizualization |2 eng | |
| 650 | 4 | |a Automatization |2 eng | |
| 650 | 4 | |a PLC |2 eng | |
| 650 | 4 | |a SCADA |2 eng | |
| 650 | 4 | |a MPS 500 |2 eng | |
| 650 | 4 | |a Component sorting |2 eng | |
| 650 | 4 | |a Statistic Analysis |2 eng | |
| 700 | 1 | |a Borkin, Dmitrii |u 066000 |k Z2 |4 ths |U MTF Materiálovotechnologická fakulta |T MTF Ústav aplikovanej informatiky, automatizácie a mechatroniky |X 87894 |U M6000 |Y 86 |7 87894 | |
| 856 | 4 | |u http://is.stuba.sk/zp/portal_zp.pl?podrobnosti=176745 | |
| 996 | |c M* BP-10044 |l MMSKP |s P |a 0 |w stuzp104066_0001 | ||